Theory of networks and lines / (Record no. 73397)
[ view plain ]
| 000 -LEADER | |
|---|---|
| fixed length control field | 00881nam a2200277 a 4500 |
| 001 - CONTROL NUMBER | |
| control field | 73397 |
| 003 - CONTROL NUMBER IDENTIFIER | |
| rucl marc code | BD-RjUL |
| 005 - DATE AND TIME OF LATEST TRANSACTION | |
| control field | 20211209082406.0 |
| 008 - FIXED-LENGTH DATA ELEMENTS--GENERAL INFORMATION | |
| fixed length control field | 170530s1963 njua 001 0 eng |
| 035 ## - SYSTEM CONTROL NUMBER | |
| System control number | (BD-RjUL)73615 |
| 040 ## - CATALOGING SOURCE | |
| Original cataloging agency | DLC |
| Transcribing agency | OAkU |
| Modifying agency | BD-RjUL |
| Language of cataloging | eng |
| 041 ## - LANGUAGE CODE | |
| Language code of text/sound track or separate title | eng |
| 082 ## - DEWEY DECIMAL CLASSIFICATION NUMBER | |
| Classification number | 621.3192 |
| Edition number | 23 |
| Author mark and year | POT 1963 |
| 100 1# - MAIN ENTRY--PERSONAL NAME | |
| Personal name | Potter, James L. |
| 9 (RLIN) | 217110 |
| 245 10 - TITLE STATEMENT | |
| Title | Theory of networks and lines / |
| Statement of responsibility, etc. | James L. Potter and Sylvan Fich. |
| 260 ## - PUBLICATION, DISTRIBUTION, ETC. (IMPRINT) | |
| Place of publication, distribution, etc. | Englewood Cliffs, N.J. : |
| Name of publisher, distributor, etc. | Prentice-Hall, |
| Date of publication, distribution, etc. | 1963, 1965 |
| 300 ## - PHYSICAL DESCRIPTION | |
| Pagination | x, 436 p. : |
| Illustrations | ill. ; |
| Size | 24 cm. |
| 500 ## - GENERAL NOTE | |
| General note | Includes index |
| 650 #0 - SUBJECT ADDED ENTRY--TOPICAL TERM | |
| Topical term or geographic name as entry element | Electric networks. |
| 9 (RLIN) | 203050 |
| Topical term or geographic name as entry element | Electric lines. |
| 9 (RLIN) | 216610 |
| 700 1# - ADDED ENTRY--PERSONAL NAME | |
| Personal name | Fich, Sylvan, |
| 830 ## - SERIES ADDED ENTRY--UNIFORM TITLE | |
| Uniform title | Prentice-Hall electrical engineering series |
| 942 ## - ADDED ENTRY ELEMENTS (KOHA) | |
| Source of classification or shelving scheme | Dewey Decimal Classification |
| Koha item type | Books |
| Lost status | Source of classification or shelving scheme | Damaged status | Not for loan | Collection code | Permanent Location | Current Location | Shelving location | Date acquired | Source of acquisition | Cost, normal purchase price | Total Checkouts | Full call number | Date last seen | Copy number | Koha item type |
|---|---|---|---|---|---|---|---|---|---|---|---|---|---|---|---|
| Dewey Decimal Classification | Not For Loan | Non-fiction | Central Library, University of Rajshahi | Central Library, University of Rajshahi | Reading Room | 12/10/1970 | Zeitlinger | 126.00 | 621.3192 POT 1963 | 30/05/2017 | C-1 | Books | |||
| Dewey Decimal Classification | Non-fiction | Central Library, University of Rajshahi | Central Library, University of Rajshahi | 27/02/1967 | Govt. of Pak. | 20.60 | 621.3192 POT 1963 | 31/05/2017 | C-2 | Books | |||||
| Dewey Decimal Classification | Non-fiction | Central Library, University of Rajshahi | Central Library, University of Rajshahi | 01/02/1967 | American Book | 16.50 | 621.3192 POT 1965 | 17/02/2019 | C-3 | Books |